书目信息 |
| 题名: |
AutoCAD 2005中文版机械设计范例入门与提高
|
|
| 作者: | ;傅莉 编著 ;东方人华 主编 | |
| 分册: | ||
| 出版信息: | 北京 清华大学出版社 2005.1 |
|
| 页数: | 321页 | |
| 开本: | 26cm | |
| 丛书名: | 范例入门与提高丛书 | |
| 单 册: | ||
| 中图分类: | TH126 | |
| 科图分类: | ||
| 主题词: | 机械制图--ji xie zhi tu--制图程序 , 机械制图--ji xie zhi tu , 制图程序--zhi tu cheng xu | |
| 电子资源: | ||
| ISBN: | 7-302-10029-2 | |
| 000 | 01308cam2 2200325 450 | |
| 001 | 012005000832 | |
| 005 | 20051124160712.73 | |
| 010 | @a7-302-10029-2@dCNY33.00(含光盘) | |
| 010 | @a7-89494-614-1@b光盘 | |
| 100 | @a20050716d2005 em y0chiy0121 ea | |
| 101 | 0 | @achi |
| 102 | @aCN@b110000 | |
| 105 | @ay z 000yy | |
| 200 | 1 | @aAutoCAD 2005中文版机械设计范例入门与提高@AAutoCAD 2005 zhong wen ban ji xie she ji fan li ru men yu ti gao@f东方人华主编@g傅莉编著 |
| 210 | @a北京@c清华大学出版社@d2005.1 | |
| 215 | @a321页@d26cm@e光盘1片 | |
| 225 | 2 | @a范例入门与提高丛书@Afan li ru men yu ti gao cong shu@f李振格主编 |
| 330 | @a本书系统地介绍了AutoCAD 2005中文版在零件绘制方面的知识并附有大量的典型实例。全书共分9章,内容包括:AutoCAD 2005机械设计基础、机械零件平面图形的绘制方法、标准件与常用件平面图的绘制、机械零件实体的建模方法、常用零件的三维建模等。 | |
| 333 | @a阅读对象:工业品造型与设计人员 | |
| 461 | 0 | @12001 @a范例入门与提高丛书 |
| 606 | 0 | @a机械制图@Aji xie zhi tu@x制图程序 |
| 606 | 0 | @a机械制图@Aji xie zhi tu |
| 606 | 0 | @a制图程序@Azhi tu cheng xu |
| 610 | 0 | @aAutoCAD |
| 690 | @aTH126@v4 | |
| 702 | 0 | @a傅莉@Afu li@4编著 |
| 711 | 02 | @a东方人华@Adong fang ren hua@4主编 |
| 801 | 0 | @aCN@bSRXX@c20051124 |
| 801 | 2 | @aCN@bSRXX@c20051110 |
| 905 | @a10447@dTH126@eD664 | |
| AutoCAD 2005中文版机械设计范例入门与提高/东方人华主编/傅莉编著.-北京:清华大学出版社,2005.1 |
| 321页;26cm+光盘1片.-(范例入门与提高丛书/李振格主编) |
| 使用对象:阅读对象:工业品造型与设计人员 |
| ISBN 7-302-10029-2:CNY33.00(含光盘) |
| 本书系统地介绍了AutoCAD 2005中文版在零件绘制方面的知识并附有大量的典型实例。全书共分9章,内容包括:AutoCAD 2005机械设计基础、机械零件平面图形的绘制方法、标准件与常用件平面图的绘制、机械零件实体的建模方法、常用零件的三维建模等。 |
| ● |
| 相关链接 |
|
|
|
正题名:AutoCAD 2005中文版机械设计范例入门与提高
索取号:TH126/D664
 
预约/预借
| 序号 | 登录号 | 条形码 | 馆藏地/架位号 | 状态 | 备注 |
| 1 | 543805 | 205438052 | 自科库501/501自科库 32排4列3层/ [索取号:TH126/D664] | 在馆 | |
| 2 | 543806 | 205438061 | 自科库501/501自科库 35排2列2层/ [索取号:TH126/D664] | 在馆 | |
| 3 | 543807 | 205438070 | 自科库501/501自科库 35排2列2层/ [索取号:TH126/D664] | 在馆 |